Quand la science contribue à créer l’ordre du monde (notice n° 1642115)

détails MARC
000 -LEADER
fixed length control field 02219cam a2200169 4500500
005 - DATE AND TIME OF LATEST TRANSACTION
control field 20260201124052.0
041 ## - LANGUAGE CODE
Language code of text/sound track or separate title fre
042 ## - AUTHENTICATION CODE
Authentication code dc
100 10 - MAIN ENTRY--PERSONAL NAME
Personal name Flahault, François
Relator term author
245 00 - TITLE STATEMENT
Title Quand la science contribue à créer l’ordre du monde
260 ## - PUBLICATION, DISTRIBUTION, ETC.
Date of publication, distribution, etc. 2016.<br/>
500 ## - GENERAL NOTE
General note 37
520 ## - SUMMARY, ETC.
Summary, etc. Les sciences économiques décrivent et prescrivent à la fois. Pourquoi mêlent-elles ces deux rôles alors que les autres sciences les distinguent ? Pour répondre à cette question l’auteur commence par rappeler la distinction entre les actes performatifs assumés explicitement et ceux qui sont effectués implicitement sous le couvert d’énoncés descriptifs, comme le font les théories économiques. Il montre ensuite, en prenant l’exemple de représentations sociocosmiques de l’ancienne Égypte, puis de la théologie médiévale comment ces sociétés ont dû, elles aussi, se référer à un ordre qui est, et qui est ce qu’il doit être. La thèse générale de l’article est que les sociétés humaines doivent nécessairement instituer un monde commun, et que, pour assurer la crédibilité de ce cadre, il leur faut faire comme si elles ne l’avaient pas créé.
520 ## - SUMMARY, ETC.
Summary, etc. Economic sciences describe and prescribe. Why are these two roles mixed in this case when they are always distinguished in other sciences? To answer this question, the author starts by reminding us of the distinction between acts that are performed explicitly and acts that are performed implicitly, this being done by descriptive enunciations, as it is the case in economic theories. Then, using the examples of socio-cosmic representations in Ancient Egypt and of medieval theology, the author shows how these societies had to refer to an order which is, and which is what it should be. The general thesis of the essay is that human societies must necessarily imagine and create a shared world, and that to ensure its credibility, they have to pretend that they never created it in the first place.
786 0# - DATA SOURCE ENTRY
Note L'Homme & la Société | 197 | 3 | 2016-04-18 | p. 131-146 | 0018-4306
856 41 - ELECTRONIC LOCATION AND ACCESS
Uniform Resource Identifier <a href="https://shs.cairn.info/revue-l-homme-et-la-societe-2015-3-page-131?lang=fr&redirect-ssocas=7080">https://shs.cairn.info/revue-l-homme-et-la-societe-2015-3-page-131?lang=fr&redirect-ssocas=7080</a>

Pas d'exemplaire disponible.

PLUDOC

PLUDOC est la plateforme unique et centralisée de gestion des bibliothèques physiques et numériques de Guinée administré par le CEDUST. Elle est la plus grande base de données de ressources documentaires pour les Étudiants, Enseignants chercheurs et Chercheurs de Guinée.

Adresse

627 919 101/664 919 101

25 boulevard du commerce
Kaloum, Conakry, Guinée

Réseaux sociaux

Powered by Netsen Group @ 2025